Клиническая дозиметрия. Вып. 2: Измерение поглощенной дозы в пучках жесткого гамма-излучения, тормозного излучения и быстрых электронов (Запись № 7773728)

Подробности
000 -МАРКЕР
контрольное поле 01336nam2a22002771 4500
001 - ИДЕНТИФИКАТОР ЗАПИСИ
контрольное поле rc\3685820
005 - ИДЕНТИФИКАТОР ВЕРСИИ
контрольное поле 20250610095610.0
021 ## - НОМЕР ГОСУДАРСТВЕННОЙ РЕГИСТРАЦИИ
Код страны Российская Федерация
Номер [73-56186]
035 ## - ДРУГИЕ СИСТЕМНЫЕ НОМЕРА
Идентификатор записи (NLR Aleph) 007847764
100 ## - ДАННЫЕ ОБЩЕЙ ОБРАБОТКИ
Данные общей обработки 20130115d1973 |||y0rusy50 ca
101 0# - ЯЗЫК РЕСУРСА
Язык текста, звукозаписи и т.д. русский
102 ## - СТРАНА ПУБЛИКАЦИИ ИЛИ ПРОИЗВОДСТВА
Страна публикации Российская Федерация
105 ## - ПОЛЕ КОДИРОВАННЫХ ДАННЫХ: ТЕКСТОВЫЕ МАТЕРИАЛЫ, МОНОГРАФИЧЕСКИЕ
Кодированные данные о монографическом текстовом документе a z |||||
200 1# - ЗАГЛАВИЕ И СВЕДЕНИЯ ОБ ОТВЕТСТВЕННОСТИ
Основное заглавие Измерение поглощенной дозы в пучках жесткого гамма-излучения, тормозного излучения и быстрых электронов
210 ## - ПУБЛИКАЦИЯ, РАСПРОСТРАНЕНИЕ И ДР.
Дата издания, распространения и т.д. 1973
Место издания, распространения и т.д. Б. м.
215 ## - ФИЗИЧЕСКАЯ ХАРАКТЕРИСТИКА
Специфическое обозначение материала и объем 36 с.
Другие сведения о физической характеристике черт.
320 ## - ПРИМЕЧАНИЯ О НАЛИЧИИ В ДОКУМЕНТЕ БИБЛИОГРАФИИ / УКАЗАТЕЛЯ
Текст примечания Список лит.: с. 34-36 (44 назв.)
461 #0 - УРОВЕНЬ НАБОРА
Встроенное поле 001rc\3685818
-- 2001#$aКлиническая дозиметрия$eМетод. рекомендации$fСост. Р.В. Синицын. Вып. 1-$gЦентр. науч.-исслед. рентгено-радиол. ин-т М-ва здравоохранения СССР$vВып. 2
Системный номер (АБИС) связанной записи 7773726
Место публикации Ленинград
Дата публикации 1972-
Первые сведения об ответственности Сост. Р.В. Синицын. Вып. 1-
Имя издателя, распространителя и т.д. Б. и.
Сведения, относящиеся к заглавию Метод. рекомендации
Заглавие Клиническая дозиметрия
Номер тома Вып. 2
700 #1 - ИМЯ ЛИЦА - ПЕРВИЧНАЯ ОТВЕТСТВЕННОСТЬ
Начальный элемент ввода Ермаков
Часть имени, кроме начального элемента ввода И.А.
701 #1 - ИМЯ ЛИЦА - АЛЬТЕРНАТИВНАЯ ОТВЕТСТВЕННОСТЬ
Начальный элемент ввода Синицын
Часть имени, кроме начального элемента ввода Р.В.
801 #0 - ИСТОЧНИК ЗАПИСИ
Страна Российская Федерация
Организация NLR
Правила каталогизации psbo
801 #1 - ИСТОЧНИК ЗАПИСИ
Страна Российская Федерация
Организация ELAR
Источник данных rusmarc
852 ## - МЕСТОНАХОЖДЕНИЕ И ШИФР ХРАНЕНИЯ
Идентификатор организации NLR
Шифр хранения (Call Number) 73-4/3
942 ## - ДОПОЛНИТЕЛЬНЫЕ ЭЛЕМЕНТЫ ЗАПИСИ (АБИС)
Тип экземпляра АБИС Книга
980 ## - КОЛЛЕКЦИЯ
Название коллекции Национальная библиография
Экземпляры
Тип экземпляра Дата поступления Библиотека постоянного хранения Библиотека текущего хранения Место хранения Шифр хранения Штрих-код Статус экземпляра
Книга 26.10.2013 РНБ (Московский) РНБ (Московский) Русский книжный фонд: издания с 1957 года 73-4/3 7847764-10